01759naa a2200241 i 4500001000400000003000400004005001700008008003900025040000800064100011900072245017500191260001000366500010700376520034200483650002300825650001400848655003000862700014300892700011701035700012601152711004001278773019901318BPPBPK20180508140227.0151030s2001 pl a f |100 0 pol cBPK aMAJCHRZAK, Piotr.d1998 - .bPolitechnika Koszalińska - Wydział Elektroniki,cKatedra Inżynierii Komputerowej aStanowisko do rejestracji odpowiedzi foto-akustycznej układów pobudzanych prostokątnym sygnałem termicznym /cP. Majchrzak, L. Majchrzak, Z. Suszyński, R. Arsoba. c2001. aDane z Informatora o publikowanych wynikach prac naukowo-badawczych w 2001 roku Wydziału Elektroniki. aW artykule przedstawiono komputerowy system badawczy stosowany w laboratorium Katedry Ciała Stałego Wydziału Elektroniki Politechniki Koszalińskiej. System ten jest wykorzystywany do otrzymywania obrazów zawierających odpowiedź na grzanie i stygnięcie badanych materiałów półprzewodnikowych, izolacyjnych i metalowych. 0aPółprzewodniki. 0aAkustyka. 0aMateriały konferencyjne. aMAJCHRZAK, Ludmiła.d1999 - .bPolitechnika Koszalińska - Wydział Elektroniki,cKatedra Systemów Cyfrowego Przetwarzania Sygnałów aARSOBA, Robert.bPolitechnika Koszalińska - Wydział Elektroniki,d1996 - .uKatedra Inżynierii Komputerowej aSUSZYŃSKI, Zbigniew.d1996 - .bPolitechnika Koszalińska - Wydział Elektroniki,cKatedra Elektroniki Ciała Stałego aKOWBAN 2001n(8 ;d2001 ;cPolska).0 iW :tKomputerowe wspomaganie badań naukowych : VIII Krajowa Konferencja KOWBAN '2001 : Wrocław-Świeradów Zdrój 2001 : materiały. -dWrocław : Oficyna Wydaw. Sudety 2001. -gs. 297-300